[Event "Lukavac op 8th"]
[Site "Lukavac"]
[Date "2019.11.25"]
[Round "7"]
[White "Lapo, Safet"]
[Black "Unuvar, Kaan"]
[Result "1/2-1/2"]
[WhiteElo "1760"]
[BlackElo "1144"]
[PlyCount "73"]
[EventDate "2019.11.22"]
[EventType "swiss"]
[EventRounds "7"]
[EventCountry "BIH"]
[SourceTitle "CBM 193 Extra"]
[Source "ChessBase"]
[SourceDate "2020.01.31"]
[SourceVersion "1"]
[SourceVersionDate "2020.01.31"]
[SourceQuality "1"]

1. c4 e6 2. Nc3 d5 3. cxd5 exd5 4. d4 Nf6 5. Bg5 c6 6. e3 Bd6 7. Nf3 Bg4 8. Be2 Nbd7 9. 0-0 0-0 10. Qc2 Qb6 11. Bh4 Rfe8 12. Bg3 Bxg3 13. hxg3 Rac8 14. Rac1 Bh5 15. Nh4 Bxe2 16. Qxe2 Nf8 17. Rc2 Ng6 18. Rfc1 Nxh4 19. gxh4 a6 20. b3 Rc7 21. Na4 Qa7 22. Nc5 Rce7 23. Qd3 Ne4 24. Nxe4 Rxe4 25. g3 Qb8 26. Kg2 Qd6 27. Re1 h6 28. f3 R4e6 29. e4 dxe4 30. Rxe4 Rxe4 31. fxe4 Rd8 32. Rd2 c5 33. d5 Kf8 34. Qf3 Rd7 35. Qf5 Re7 36. Re2 Rd7 37. Qh7 1/2-1/2